Advanced computer architecture (Record no. 9248)

MARC details
000 -LEADER
fixed length control field 00464nam a2200217Ia 4500
001 - CONTROL NUMBER
control field 087272
003 - CONTROL NUMBER IDENTIFIER
control field YMCAF
005 - DATE AND TIME OF LATEST TRANSACTION
control field 20230512161618.0
008 - FIXED-LENGTH DATA ELEMENTS--GENERAL INFORMATION
fixed length control field 100717s2004 ||||||||||||||||| ||und|d
024 ## - OTHER STANDARD IDENTIFIER
Standard number or code 87272
035 ## - SYSTEM CONTROL NUMBER
System control number 26731
040 ## - CATALOGING SOURCE
Original cataloging agency YMCAF
Language of cataloging eng
Transcribing agency IN-KoLT
041 ## - LANGUAGE CODE
Language code of text/sound track or separate title eng
082 ## - DEWEY DECIMAL CLASSIFICATION NUMBER
Classification number 004.35
Item number HWA
100 ## - MAIN ENTRY--PERSONAL NAME
Personal name Hwang, Hai
245 #0 - TITLE STATEMENT
Title Advanced computer architecture
250 ## - EDITION STATEMENT
Edition statement 5th
260 ## - PUBLICATION, DISTRIBUTION, ETC.
Name of publisher, distributor, etc. TMH
Date of publication, distribution, etc. 2004
300 ## - PHYSICAL DESCRIPTION
Extent 770
942 ## - ADDED ENTRY ELEMENTS (KOHA)
Source of classification or shelving scheme Dewey Decimal Classification
Koha item type Books
Holdings
Withdrawn status Lost status Damaged status Not for loan Home library Current library Date acquired Cost, normal purchase price Total Checkouts Barcode Date last seen Cost, replacement price Price effective from Koha item type Public note G
        JC Bose University of Science & Technology JC Bose University of Science & Technology 17/07/2010 575.00   26735 12/05/2023 575.00 12/05/2023 Books C 12185
        JC Bose University of Science & Technology JC Bose University of Science & Technology 17/07/2010 575.00   26731 12/05/2023 575.00 12/05/2023 Books C 12185